000 00484nam a2200181Ia 4500
008 240925s9999 xx 000 0 und d
020 _a9788131755310
082 _a658.4012 KER
100 _aKerin, Roger A.
245 0 _aStrategic Marketing Problems: cases and comments
250 _a12th
260 _aNew Delhi:
_bPearson Education
_c,2011.
300 _axxiv, 261p.
_b0
_fOriginal
500 _aIncludes Index
600 _aManagement
650 _aManagement
942 _cBK
999 _c17057
_d17057